In the Heights Characters Quiz Stats

Quiz not verified by Sporcle

Challenge
Share
Tweet
Embed
Score 0/12 Timer 06:00
0 Plays Today
actor character % Correct
Lin Manuel MirandaUsnavi
98.9%
Karen OlivoVanessa
97.4%
Mandy GonzalezNina
96.2%
Chris JacksonBenny
95.5%
Robin De JesusSonny
90.6%
Olga MeredezAbuela Claudia
84.2%
Janet DacalCarla
77.4%
Seth StewartGraffiti Pete
71.1%
Andrea BurnsDaniela
69.9%
Eliseo RomanPiragua Guy
63.5%
Carlos GomezKevin Rosario
49.2%
Priscilla LopezCamilla Rosario
45.1%

You're not logged in!

Compare scores with friends on all Sporcle quizzes.
Join for Free
OR
Log In

You Might Also Like...

Show Comments

Extras

Top Quizzes Today


Score Distribution

Your Account Isn't Verified!

In order to create a playlist on Sporcle, you need to verify the email address you used during registration. Go to your Sporcle Settings to finish the process.

Report this User

Report this user for behavior that violates our Community Guidelines.

Details: